Online
Catalog

Ponencias presentadas en las Jornadas del Trabajo en la Agricultura y en la Cria en America Latina. (Record no. 11236)

MARC details
000 -CABECERA
campo de control de longitud fija 00964cam a2200169u 4500
001 - NÚMERO DE CONTROL
campo de control 000011541
005 - FECHA Y HORA DE LA ÚLTIMA TRANSACCIÓN
campo de control 20200929162502.0
008 - DATOS DE LONGITUD FIJA--INFORMACIÓN GENERAL
campo de control de longitud fija 850612s1969 ve 000 0 spa
040 ## - FUENTE DE LA CATALOGACIÓN
Centro catalogador/agencia de origen DO-SdBNP
Centro/agencia modificador spa
Centro/agencia transcriptor BNPHU
110 2# - ENTRADA PRINCIPAL--NOMBRE DE ENTIDAD CORPORATIVA
Nombre de entidad corporativa o nombre de jurisdicción como elemento de entrada Jornadas del Trabajo en la Agricultura y en la Cria en America Latina, Caracas, 1968. [from old catalog]
9 (RLIN) 27297
245 10 - MENCIÓN DE TÍTULO
Título Ponencias presentadas en las Jornadas del Trabajo en la Agricultura y en la Cria en America Latina.
260 ## - PUBLICACIÓN, DISTRIBUCIÓN, ETC.
Lugar de publicación, distribución, etc. Caracas, :
Nombre del editor, distribuidor, etc. Universided Central de Venezuela, Seccion de Derecho del Trabajo y de la Seguridad Social,
Fecha de publicación, distribución, etc. 1969.
300 ## - DESCRIPCIÓN FÍSICA
Extensión 219 p. ;
Dimensiones 23 cm.
650 #0 - PUNTO DE ACCESO ADICIONAL DE MATERIA--TÉRMINO DE MATERIA
Término de materia o nombre geográfico como elemento de entrada Agricultural laborers
Subdivisión geográfica Latin America.
9 (RLIN) 27298
710 2# - PUNTO DE ACCESO ADICIONAL--NOMBRE DE ENTIDAD CORPORATIVA
Nombre de entidad corporativa o nombre de jurisdicción como elemento de entrada Venezuela.
Unidad subordinada Universidad Central, Caracas.
-- Seccion de Derecho del Trabajo y de la Seguridad Social. [from old catalog]
9 (RLIN) 27299
830 10 - PUNTO DE ACCESO ADICIONAL DE SERIE-TÍTULO UNIFORME
Título uniforme Venezuela.
-- Universidad Central, Caracas.
-- Seccion de Derecho del Trabajo y de la Seguridad Social.
Título de la obra Publicaciones,
Designación de volumen o secuencia 1. [from old catalog]
9 (RLIN) 27300
Holdings
Estado de retiro Estado de pérdida Restricciones de uso No para préstamo Código de colección Localización permanente Ubicación/localización actual Ubicación en estantería Fecha de adquisición Número de inventario Total de préstamos Signatura topográfica completa Código de barras Fecha visto por última vez Precio válido a partir de Tipo de ítem Koha
    Préstamo interno   Monografías: Libros y Folletos General General En catalogación 20.10.2009 LF1   11541-10 25.06.2020 25.06.2020 Préstamo interno

Powered by Koha